000 00284nam a2200121Ia 4500
008 190216s9999||||xx |||||||||||||| ||und||
100 _aMarilyn Burns
245 4 _aThe I Hate Mathematics Book
260 _bCambridge Uty Press
300 _a96
650 _aMathematics
942 _cBK
999 _c32141
_d32141